MARC

LEADER 00000nas a2200000 a 4500
001 ssj0000921
003 WaSeSS
005 20200512172242.0
006 m d
007 cr n
008 980415c19949999mauqr pss 0 a0eng c
010 |a  2005266550 
015 |a GBB350404  |2 bnb 
016 7 |a 9431738  |2 DNLM 
016 7 |a SR0080215  |2 DNLM 
016 7 |a 003275516  |2 IsJJNL 
016 7 |a 010488519  |2 Uk 
016 7 |a 013325833  |2 Uk 
022 |a 1744-6171  |l 1073-6077  |y 1073-6077 
035 |a (WaSeSS)ssj0000921 
040 |a FQM  |b eng  |e pn  |c FQM  |d AAA  |d OCL  |d OCLCQ  |d PIT  |d OCLCQ  |d MUQ  |d OCL  |d ORE  |d FJM  |d OCLCQ  |d N15  |d BUF  |d OCLCQ  |d OCLCF  |d DLC  |d CASUM  |d CEF  |d J9U  |d UKMGB  |d UKBOL  |d VT2  |d EUM  |d CCT  |d CSU  |d NLGGC  |d OCLCQ  |d WT2  |d UEJ  |d OCLCQ  |d NLE  |d APUMS  |d OCLCO  |d OCLCQ  |d EZC  |d OCLCO  |d U3W  |d OCLCQ  |d TOF  |d AU@  |d OCLCO  |d WYU  |d OCLCO  |d OCLCA  |d OCLCQ  |d OCLCO  |d NJT  |d OCLCA  |d OCLCQ  |d OCLCO  |d OCLCA  |d WaSeSS 
042 |a pcc 
050 0 0 |a RJ499.A1 
060 0 0 |a W1  |b JO583JI 
082 0 4 |a 616.890231 
130 0 |a Journal of child and adolescent psychiatric nursing (Online) 
245 1 0 |a Journal of child and adolescent psychiatric nursing  |h [electronic resource]. 
246 1 3 |a JCAPN 
260 |3 <1994-> :  |a Philadelphia, PA :  |b Nursecom 
260 2 |3 <July 2003-> :  |a [Oxford] :  |b Blackwell Pub. 
260 3 |3 <February 2015-> :  |a Malden, MA :  |b Wiley Periodicals, Inc. 
310 |a Quarterly 
362 1 |a Print began with vol. 7, no. 1 (Jan./Mar. 1994). 
506 |a License restrictions may limit access. 
538 |a Mode of access: World Wide Web. 
550 |a Official publication of the Association of Child and Adolescent Psychiatric Nursing. 
588 0 |a Vol. 16, issue 3 (July 2003); title from issue table of contents (Blackwell Synergy Web site, viewed July 5, 2005). 
588 1 |a Vol. 28, issue 1 (February 2015) (Wiley Online Library, viewed April 15, 2015). 
650 0 |a Child psychiatric nursing  |v Periodicals. 
650 0 |a Adolescent psychiatric nursing  |v Periodicals. 
650 0 2 |a Humans. 
650 2 |a Mental Disorders. 
650 2 |a Psychiatric Nursing. 
650 1 2 |a Mental Disorders  |x nursing. 
650 1 2 |a Psychiatric Nursing. 
650 1 2 |a Pediatrics. 
650 1 2 |a Nursing. 
650 1 2 |a Psychiatry. 
650 2 2 |a Child. 
650 2 2 |a Infant. 
650 2 2 |a Adolescent. 
650 6 |a Soins infirmiers en psychiatrie de l'enfant  |v Périodiques. 
650 6 |a Soins infirmiers en psychiatrie de l'adolescent  |v Périodiques. 
650 7 |a Adolescent psychiatric nursing.  |2 fast  |0 (OCoLC)fst00797014 
650 7 |a Child psychiatric nursing.  |2 fast  |0 (OCoLC)fst00854529 
650 7 |a Education.  |2 galestne 
650 7 |a Health.  |2 galestne 
650 7 |a Psychology and mental health.  |2 galestne 
653 |a Health and social care 
655 0 |a Electronic journals. 
710 2 |a Association of Child and Adolescent Psychiatric Nurses. 
776 0 8 |i Print version:  |t Journal of child and adolescent psychiatric nursing  |x 1073-6077  |w (DLC)sn 93002055  |w (OCoLC)29487240 
780 0 0 |t Journal of child and adolescent psychiatric and mental health nursing  |w (OCoLC)221688923 
850 |a DLC 
856 4 0 |z Full text available from Research Library: 01/01/1998 to 11/30/2010  |u https://search.proquest.com/publication/36261